000 01365nam a2200373 ia4500
003 OSt
005 20260329151904.0
008 260329s2024 my a cr 000 0bmay
020 _a9789670037523
_cRM 39.00
_qhardback
040 _aPPAK
_beng
_cPPAK
_erda
041 1 _amay
_heng
082 0 4 _223
_a297.61092
090 0 0 _a297.61092
_bMUH
_dK
100 0 _aMuhammad Hozien,
_eauthor.
245 1 0 _aKisah Hidup IMAM AL-GHAZALI /
_b
_cMuhammad Hozien and Gray Henry ; ilustrasi oleh Demi ; Penterjemah Abdullah Hussaini ; Penyunting Al-Mustaqeem ; Ainunl Muaiyanah Sulaiman & Al-Mustaqeem M. Radhi
264 1 _aKuala Lumpur :
_bIBDE Ilham Sdn Bhd,
_c[2025]
300 _a51 pages :
_bcolour illutrations ;
_c22 cm
336 _atext
_2rdacontent
337 _aunmediated
_2rdamedia
338 _avolume
_2rdacarrier
490 1 _aSIRI AL-GHAZALI MUDA
600 0 0 _aGhazzali,
_d1058-1111
650 1 0 _aScholars, Muslims
_vBiography
650 2 0 _aUlama
_vBiography
650 2 0 _aIslamic leadership
700 1 _aHenry, Gray,
_eauthor.
700 0 _aAbdullah Hussaini,
_etranslator.
700 0 _aDemi,
_eillustrator.
700 0 _aAl-Mustaqeem M. Radhi,
_eeditor.
700 0 _aAinunl Muaiyanah Sulaiman,
_eeditor.
765 0 _tAl-Ghazali (2014)
_aMuhammad Hozien
830 0 _aSiri Al-Ghazali muda
942 _2ddc
_cB
999 _c203550
_d203550